banner-ar

HOW TO PAINT & DRAW: (Record no. 20882)

MARC details
000 -الفاتح
حقل البيانات ثابتة الطول 00558nam a2200205Ia 4500
005 - وقت وتاريخ اخر تعامل مع التسجيلة
رقم الضبط 20240530100801.0
008 - عناصر البيانات ثابتة الطول - معلومات عامة
حقل البيانات ثابتة الطول 140319s9999 xx 000 0 eng d
040 ## - مصدر الفهرسة
وكالة الفهرسة الأصلية GCL /
وكالة النسخ GCL
082 04 - رقم تصنيف ديوى العشرى
رقم التصنيف 756
رقم المادة H H
100 1# - المدخل الرئيسى - إسم شخصى
الإسم الشخصى HARRISON, HAZEL
245 10 - بيان العنوان
العنوان HOW TO PAINT & DRAW:
بيان المسئوليه,etc HARRISON, HAZEL
بقية العنوان DRAWING, WATER COLOUR, OIL & ACRILC, PRESTEL /
260 ## - PUBLICATION, DISTRIBUTION, ETC. (IMPRINT)
تاريخ النشر أو التوزيع 1994
300 ## - الوصف المادى
التعداد 256 P :
تفاصيل ماديه اخرى للوعاء PICTURE ;
أبعاد الوعاء 32 CM
650 04 - المدخل الاضافى بالموضوع-مصطلح موضوعى
مصطلح موضوعي DRAWING
650 04 - المدخل الاضافى بالموضوع-مصطلح موضوعى
مصطلح موضوعي ARTS
650 04 - المدخل الاضافى بالموضوع-مصطلح موضوعى
مصطلح موضوعي PAINTING
650 04 - المدخل الاضافى بالموضوع-مصطلح موضوعى
مصطلح موضوعي WATER COLOURS
942 ## - عناصر المدخل الإضافي( كوها)
مصدر التصنيف او مخطط الترفيف Dewey Decimal Classification
Koha [default] item type كتاب
260 ## - PUBLICATION, DISTRIBUTION, ETC. (IMPRINT)
-- LONDON :
-- LOREMZ BOOKS ،
Holdings
حالة التراجع حالة الفقد حالة تلف ليس للاعارة المكان المؤقت الموقع الحالى تاريخ الاكتساب اجمالي اﻻعارات رقم الطلب الباركود تاريخ اخر مشاهدة تاريخ تفعيل السعر نوع وعاء كوها
        مكتبة القاهرة الكبرى مكتبة القاهرة الكبرى 03/26/2014   756\H H 38895 03/26/2014 03/26/2014 كتاب

Powered By

EGPV